000 00534nam a22001577a 4500
999 _c19106
_d19106
008 240213b ||||| |||| 00| 0 eng d
020 _a0130818607
082 _21989
_aDC 428
_bD14
100 _aDaigle, Lennet J.
_952209
245 _aBrief workbook for writers /
_cLennet J. Daigle and Allen D. Towery.
250 _aSecond edition.
260 _aNew Jersey :
_bPretice Hall,
_c©1989.
300 _ax, 363 pages :
_billustrations ;
_c23 cm.
650 _aEnglish language
_vStudy and teaching (Secondary).
_97516
942 _2ddc
_cDC